000 00526nam a2200169#a 4500
001 01504
003 HDC
007 ta
008 230623s2023 xx 000 0 eng d
040 _aHDC
050 _a TX531
_b.G37 2010 I
245 0 _aGarispanduan program jaminan keselmatan makanan (pjkm am) :
_bbahagian I: garis panduan am dan senarai semak bagi membantu pengusaha dalm pelaksanaan program jaminan keselamatan makanan di kilang / premis.
942 _2lcc
942 _cBK
942 _k TX531
942 _m.G37 2010 I
999 _c23070
_d23070